Statistics for Proposed U.S. States on a Map

Click here to take the quiz!

General Stats

  • This quiz has been taken 25 times
  • The average score is 4 of 11

Answers on the Map

Answers color-coded by a green-red scale on the quiz's map according to % correct below.
Loading ...
 

Answer Stats

TimeState% Correct
1896Long Island
83%
1776Delmarva
46%
1941Jefferson
46%
1858Superior
33%
1784–1788Franklin
33%
1865 | 1869Lincoln
29%
1776Westsylvania
21%
2013Northern Colorado
17%
1905Sequoyah
13%
1939Absaroka
13%

Score Distribution

Percentile by Number Answered

Percent of People with Each Score

Your Score History

You have not taken this quiz